Turf war (Record no. 75258)
[ view plain ]
| 000 -LEADER | |
|---|---|
| fixed length control field | 01511cab a2200205 4500 |
| 001 - CONTROL NUMBER | |
| control field | L129763 |
| 008 - FIXED-LENGTH DATA ELEMENTS--GENERAL INFORMATION | |
| fixed length control field | 050518n2005 000 0 eng u |
| 035 ## - SYSTEM CONTROL NUMBER | |
| System control number | (Sirsi) u129763 |
| 041 ## - LANGUAGE CODE | |
| Language code of text/sound track or separate title | eng |
| 100 ## - MAIN ENTRY--PERSONAL NAME | |
| Personal name | Rowe, Mark |
| 245 ## - TITLE STATEMENT | |
| Title | Turf war |
| 260 ## - PUBLICATION, DISTRIBUTION, ETC. | |
| Date of publication, distribution, etc. | 2005 |
| 490 ## - SERIES STATEMENT | |
| Series statement | Regeneration and Renewal |
| Volume/sequential designation | 9 May 2005, 18-19(2) |
| 520 ## - SUMMARY, ETC. | |
| Summary, etc. | Looks at the potential for conflict between developers and conservationists in the case of the Thames Gateway and whether the parties involved can pre-empt future clashes over green space. Contrasts the views and intentions expressed in the government green space strategy for the Thames Gateway " Creating sustainable communities: greening the Gateway" and the pro-nature declarations proposed in "London's life force- how to bring natural values to community strategies", a report published by the wildlife trusts London and English Nature in February 2005. Concludes that the nature conservation case will have to be argued strongly to preserve the Thames Gateway as one of the most valuable areas in environmental terms in southeast England. |
| 590 ## - LOCAL NOTE (RLIN) | |
| Local note | IKA190505 |
| 690 ## - LOCAL SUBJECT ADDED ENTRY--TOPICAL TERM (OCLC, RLIN) | |
| Topical term or geographic name as entry element | ENVIRONMENTAL AND LAND CONSULTANCY-SUSTAINABILITY-SUSTAINABLE DEVELOPMENT |
| 856 ## - ELECTRONIC LOCATION AND ACCESS | |
| Uniform Resource Identifier | <a href="https://www.communities.gov.uk/documents/regeneration/pdf/146685.pdf">https://www.communities.gov.uk/documents/regeneration/pdf/146685.pdf</a> |
| Public note | View Greening the Gateway free of charge at www.dclg.gov.uk... |
| 856 ## - ELECTRONIC LOCATION AND ACCESS | |
| Uniform Resource Identifier | <a href="https://naturalengland.etraderstores.com/NaturalEnglandShop/LL1">https://naturalengland.etraderstores.com/NaturalEnglandShop/LL1</a> |
| Public note | View London's life force free of charge at www.naturalengland.org.uk |
| 942 ## - ADDED ENTRY ELEMENTS (KOHA) | |
| Suppress in OPAC | 0 |
| Withdrawn status | Lost status | Source of classification or shelving scheme | Damaged status | Not for loan | Home library | Current library | Shelving location | Date acquired | Total Checkouts | Full call number | Barcode | Date last seen | Copy number | Price effective from | Koha item type |
|---|---|---|---|---|---|---|---|---|---|---|---|---|---|---|---|
| Dewey Decimal Classification | London | London | Journal article | 18/05/2005 | L129763 | 129763-1001 | 06/08/2019 | 1 | 06/08/2019 | Journal article |